Service life and serviceability of concrete structures in Polish civil engineering education / (Rekord nr 424)
| 000 -ETYKIETA REKORDU | |
|---|---|
| podpole kontrolne o stałej długości | 01193naa a2200193 i 4500 |
| 001 - NUMER KONTROLNY REKORDU | |
| podpole kontrolne | 424 |
| 003 - IDENTYFIKATOR NUMERU KONTROLNEGO REKORDU | |
| podpole kontrolne | KOSZ 005 |
| 005 - DATA OSTATNIEJ MODYFIKACJI REKORDU | |
| podpole kontrolne | 20180403121556.0 |
| 008 - POLE O STAŁEJ DŁUGOŚCI - DANE KONTROLNE | |
| podpole kontrolne o stałej długości | 150211s2006 pl f |100 0 eng |
| 040 ## - ŹRÓDŁO KATALOGOWANIA | |
| Instytucja, która utworzyła rekord | BPK |
| Instytucja, która dokonała modyfikacji | KOSZ 005/EG |
| 041 ## - KOD JĘZYKA | |
| Kod języka tekstu | eng |
| 100 1# - NAZWA OSOBOWA | |
| Nazwa osobowa | KATZER, Jacek. |
| Lata pracy | 1999 - 2012. |
| Instytucja | Politechnika Koszalińska - Wydział Budownictwa i Inżynierii Środowiska, |
| Wydział | Katedra Budownictwa i Materiałów Budowlanych |
| 245 10 - TYTUŁ/ODPOWIEDZIALNOŚĆ | |
| Tytuł | Service life and serviceability of concrete structures in Polish civil engineering education / |
| Pozostałe elementy strefy tytułu i oznaczenia odpowiedzialności | Jacek Katzer, Janusz Kobaka. |
| 500 ## - UWAGI OGÓLNE | |
| Tekst uwagi | Dane z autopsji. |
| 700 1# - HASŁO DODATKOWE - NAZWA OSOBOWA | |
| Nazwa osobowa | KOBAKA, Janusz. |
| Lata pracy | 2004 - . |
| Instytucja | Politechnika Koszalińska - Wydział Budownictwa i Inżynierii Środowiska, |
| Wydział | Laboratorium Techniki Budowlanej |
| 773 0# - TYTUŁ DOKUMENTU MACIERZYSTEGO | |
| Wyrażenie wprowadzające | W : |
| Tytuł | "Nowe technologie w kształceniu na odległość" : II krajowa konferencja naukowa, Koszalin-Osieki, 5-7 października 2006 : materiały konferencyjne / pod red. Tomasza Królikowskiego, Walerego Susłowa, Błażeja Bałasza. - |
| Adres wydawniczy | Koszalin : Wydaw. Uczelniane Politechniki Koszaliäskiej, 2006. - |
| Informacje dotyczące relacji | s. 77-80 |
| 711 22 - HASŁO DODATKOWE - NAZWA IMPREZY | |
| Nazwa imprezy | Nowe technologie w kształceniu na odległość |
| Oznaczenie części/sekcji dzieła | (2 ; |
| Data imprezy | 2006 ; |
| Miejsce imprezy | Koszalin - Osieki, Polska). |
| 942 ## - HASŁO DODATKOWE - ELEMENTY(KOHA) | |
| Typ dokumentu | Rozdział |
| Schemat klasyfikacji | Uniwersalna klasyfikacja dziesiętna |
| Wycofany | Zagubiony | Uszkodzony | Dostępność | Lokalizacja stała | Lokalizacja bieżąca | Sygnatura | Typ dokumentu |
|---|---|---|---|---|---|---|---|
| Dostępny | Bibliografia Prac Pracowników - BPK | Bibliografia Prac Pracowników - BPK | 80098 | Rozdział |
